[Event "MPA 1580 2024"]
[Site "Sianozety"]
[Date "2024.04.12"]
[Round "5.6"]
[White "Rogala, Adam"]
[Black "Skudlarski, Piotr"]
[Result "1-0"]
[BlackElo "1476"]
[WhiteElo "1530"]
[LiveChessVersion "1.4.4"]

1. e4 {[%clk 1:30:56]} c6 {[%clk 1:30:29]} 2. d4 {[%clk 1:31:25]} d5
{[%clk 1:30:47]} 3. Nd2 {[%clk 1:31:06]} dxe4 {[%clk 1:31:01]} 4. Nxe4
{[%clk 1:31:21]} Nf6 {[%clk 1:31:09]} 5. Nxf6+ {[%clk 1:30:55]} gxf6
{[%clk 1:29:07]} 6. Bc4 {[%clk 1:29:42]} Bf5 {[%clk 1:26:28]} 7. c3
{[%clk 1:28:45]} Rg8 {[%clk 1:21:17]} 8. g3 {[%clk 1:24:07]} Nd7 {[%clk 1:20:41]}
9. Qb3 {[%clk 1:23:44]} e6 {[%clk 1:17:23]} 10. Bf4 {[%clk 1:21:41]} Nb6
{[%clk 1:16:03]} 11. Be2 {[%clk 1:20:40]} Bd6 {[%clk 1:15:51]} 12. Be3
{[%clk 1:20:11]} Qc7 {[%clk 1:14:46]} 13. c4 {[%clk 1:18:34]} Nd7
{[%clk 1:05:28]} 14. c5 {[%clk 1:16:00]} Be7 {[%clk 1:04:32]} 15. Bd3
{[%clk 1:14:28]} Bxd3 {[%clk 1:04:14]} 16. Qxd3 {[%clk 1:14:49]} O-O-O
{[%clk 1:04:02]} 17. Qxh7 {[%clk 1:11:36]} Nxc5 {[%clk 1:00:02]} 18. dxc5
{[%clk 1:10:04]} Qa5+ {[%clk 1:00:17]} 19. Kf1 {[%clk 1:09:58]} Bxc5
{[%clk 0:57:10]} 20. Qxf7 {[%clk 1:08:31]} Bxe3 {[%clk 0:56:06]} 21. Qxe6+
{[%clk 1:08:43]} Kb8 {[%clk 0:56:28]} 22. Qxe3 {[%clk 1:08:22]} Rde8
{[%clk 0:53:18]} 23. Qf4+ {[%clk 1:08:39]} Ka8 {[%clk 0:53:08]} 24. Nf3
{[%clk 1:08:49]} Qb5+ {[%clk 0:52:12]} 25. Kg2 {[%clk 1:09:06]} Re2
{[%clk 0:51:25]} 26. Rhe1 {[%clk 1:07:33]} Rxb2 {[%clk 0:49:38]} 27. Qe4
{[%clk 1:07:05]} c5 {[%clk 0:45:38]} 28. Rab1 {[%clk 1:07:22]} Rxb1
{[%clk 0:45:48]} 29. Rxb1 {[%clk 1:07:41]} Qd7 {[%clk 0:46:09]} 30. Qc4
{[%clk 1:07:18]} Rh8 {[%clk 0:45:50]} 31. Qxc5 {[%clk 1:04:53]} a6
{[%clk 0:44:26]} 32. Rb4 {[%clk 1:04:29]} Qh3+ {[%clk 0:43:35]} 33. Kg1
{[%clk 1:04:41]} Rc8 {[%clk 0:43:20]} 34. Qe3 {[%clk 1:04:28]} Qd7
{[%clk 0:42:06]} 35. Rb6 {[%clk 1:03:25]} f5 {[%clk 0:39:44]} 36. Rb1
{[%clk 0:56:59]} Re8 {[%clk 0:38:23]} 37. Qd2 {[%clk 0:53:38]} Qc6
{[%clk 0:37:18]} 38. Kg2 {[%clk 0:52:23]} Rf8 {[%clk 0:34:19]} 39. Qb4
{[%clk 0:50:11]} Rg8 {[%clk 0:30:45]} 40. Rb3 {[%clk 0:48:28]} Qd5
{[%clk 0:26:36]} 41. Rb2 {[%clk 0:47:40]} Qc6 {[%clk 0:25:05]} 42. Qb3
{[%clk 0:47:41]} Rf8 {[%clk 0:23:16]} 43. h4 {[%clk 0:47:45]} Rh8
{[%clk 0:22:02]} 44. Rc2 {[%clk 0:47:52]} Qe4 {[%clk 0:17:41]} 45. Rc4
{[%clk 0:48:07]} Qe7 {[%clk 0:16:43]} 46. Qc3 {[%clk 0:47:27]} Rg8
{[%clk 0:16:11]} 47. Rc8+ {[%clk 0:47:40]} Rxc8 {[%clk 0:16:28]} 48. Qxc8+ 1-0

[Event "MPA 1580 2024"]
[Site "Sianozety"]
[Date "2024.04.12"]
[Round "5.9"]
[White "Sienczewski, Mariusz"]
[Black "Chromicz, Andrzej"]
[Result "1/2-1/2"]
[BlackElo "1492"]
[WhiteElo "1558"]
[LiveChessVersion "1.4.4"]

1. c4 {[%clk 1:30:54]} e5 {[%clk 1:30:47]} 2. g3 {[%clk 1:31:14]} Nf6
{[%clk 1:30:47]} 3. Bg2 {[%clk 1:31:36]} Be7 {[%clk 1:30:59]} 4. Nc3
{[%clk 1:31:56]} O-O {[%clk 1:31:15]} 5. d3 {[%clk 1:32:19]} c6 {[%clk 1:31:33]}
6. Nf3 {[%clk 1:31:49]} d6 {[%clk 1:31:48]} 7. O-O {[%clk 1:32:10]} Be6
{[%clk 1:31:50]} 8. b4 {[%clk 1:31:52]} h6 {[%clk 1:31:50]} 9. a3
{[%clk 1:32:02]} Nh7 {[%clk 1:32:06]} 10. Rb1 {[%clk 1:31:57]} Qd7
{[%clk 1:31:45]} 11. Bd2 {[%clk 1:32:09]} Bh3 {[%clk 1:31:54]} 12. Re1
{[%clk 1:32:19]} Bxg2 {[%clk 1:32:05]} 13. Kxg2 {[%clk 1:32:45]} f5
{[%clk 1:32:06]} 14. b5 {[%clk 1:28:44]} f4 {[%clk 1:30:05]} 15. Qb3
{[%clk 1:26:21]} Kh8 {[%clk 1:29:56]} 16. bxc6 {[%clk 1:26:07]} bxc6
{[%clk 1:28:02]} 17. Qb7 {[%clk 1:26:13]} Qxb7 {[%clk 1:27:22]} 18. Rxb7
{[%clk 1:26:32]} Bf6 {[%clk 1:21:49]} 19. Ne4 {[%clk 1:25:45]} fxg3
{[%clk 1:16:33]} 20. fxg3 {[%clk 1:25:21]} d5 {[%clk 1:15:12]} 21. cxd5
{[%clk 1:24:27]} cxd5 {[%clk 1:15:30]} 22. Nxf6 {[%clk 1:24:18]} Nxf6
{[%clk 1:10:24]} 23. Nxe5 {[%clk 1:24:21]} Rc8 {[%clk 1:09:28]} 24. Bxh6
{[%clk 1:16:13]} Rg8 {[%clk 1:06:46]} 25. Bd2 {[%clk 1:12:52]} Na6
{[%clk 1:06:48]} 26. Rc1 {[%clk 1:11:32]} Rgb8 {[%clk 1:05:22]} 27. Rxb8+
{[%clk 1:08:31]} Rxb8 {[%clk 1:05:31]} 28. Rc6 {[%clk 1:08:09]} Rb6
{[%clk 1:04:49]} 29. Rc8+ {[%clk 1:07:39]} Kh7 {[%clk 1:04:40]} 30. Be3
{[%clk 1:03:41]} Rb3 {[%clk 1:03:11]} 31. Bxa7 {[%clk 1:03:14]} Rxa3
{[%clk 1:03:16]} 32. Be3 {[%clk 1:02:36]} Ra2 {[%clk 1:02:25]} 33. Kf3
{[%clk 1:02:17]} Nb4 {[%clk 1:02:41]} 34. h3 {[%clk 0:59:36]} Nc2
{[%clk 1:02:35]} 35. g4 {[%clk 0:56:20]} d4 {[%clk 1:02:34]} 36. Bf2
{[%clk 0:52:36]} g5 {[%clk 0:59:12]} 37. h4 {[%clk 0:47:26]} gxh4
{[%clk 0:58:48]} 38. Bxh4 {[%clk 0:47:46]} Nd5 {[%clk 0:58:46]} 39. Rd8
{[%clk 0:45:26]} Nde3 {[%clk 0:58:05]} 40. Nc6 {[%clk 0:39:17]} Ra4
{[%clk 0:57:00]} 41. Nxd4 {[%clk 0:38:23]} Nxd4+ {[%clk 0:56:38]} 42. Kxe3
{[%clk 0:38:32]} Ne6 {[%clk 0:54:57]} 43. Rd7+ {[%clk 0:36:54]} Kg8
{[%clk 0:53:46]} 44. Kf3 {[%clk 0:36:08]} Nd4+ {[%clk 0:53:25]} 45. Kf2
{[%clk 0:33:23]} Ne6 {[%clk 0:53:05]} 46. Kg3 {[%clk 0:32:34]} Nd4
{[%clk 0:52:41]} 47. Re7 {[%clk 0:30:51]} Nc6 {[%clk 0:50:15]} 48. Re4
{[%clk 0:30:31]} Rxe4 {[%clk 0:48:43]} 49. dxe4 {[%clk 0:30:49]} Nd4
{[%clk 0:48:16]} 50. e3 {[%clk 0:30:10]} Ne6 {[%clk 0:48:20]} 51. Kf3
{[%clk 0:30:00]} Kf7 {[%clk 0:48:27]} 52. e5 {[%clk 0:29:44]} Nc5
{[%clk 0:48:00]} 53. Kf4 {[%clk 0:29:20]} Kg6 {[%clk 0:47:59]} 54. Be7
{[%clk 0:27:52]} Nd3+ {[%clk 0:46:45]} 55. Ke4 {[%clk 0:27:31]} Nf2+
{[%clk 0:46:55]} 56. Kd5 {[%clk 0:27:09]} Nxg4 {[%clk 0:46:58]} 57. e4
{[%clk 0:26:53]} Kf7 {[%clk 0:46:55]} 58. Bc5 {[%clk 0:27:00]} Ke8
{[%clk 0:47:03]} 59. e6 {[%clk 0:26:13]} Nf6+ {[%clk 0:47:05]} 60. Ke5
{[%clk 0:24:35]} Ng4+ {[%clk 0:47:05]} 61. Kd6 {[%clk 0:21:08]} Nh2
{[%clk 0:47:09]} 62. Kc7 {[%clk 0:20:05]} Nf3 {[%clk 0:47:22]} 63. Kd6
{[%clk 0:17:25]} Ng5 64. e5 Nf3 {[%clk 0:46:11]} 65. e7 {[%clk 0:17:03]} Nd2
{[%clk 0:45:57]} 66. Kc6 {[%clk 0:16:15]} Ne4 {[%clk 0:46:08]} 67. Bd6
{[%clk 0:16:07]} Nf2 {[%clk 0:46:10]} 68. Kd5 Nd3 {[%clk 0:44:54]} 69. Ke4
{[%clk 0:10:55]} Nf2+ {[%clk 0:43:43]} 70. Kf3 {[%clk 0:10:36]} Nd1
{[%clk 0:42:44]} 71. Ke2 {[%clk 0:10:47]} Nc3+ {[%clk 0:42:59]} 72. Kd3
{[%clk 0:10:49]} Nd1 {[%clk 0:42:42]} 73. Kd2 {[%clk 0:10:57]} Nf2
{[%clk 0:42:49]} 74. Ke2 {[%clk 0:11:08]} Ng4 {[%clk 0:42:39]} 75. e6
{[%clk 0:09:50]} Nf6 {[%clk 0:41:34]} 76. Ke3 {[%clk 0:09:41]} Ng4+
{[%clk 0:40:35]} 77. Kf4 {[%clk 0:09:42]} Nf2 {[%clk 0:40:45]} 1/2-1/2

[Event "MPA 1580 2024"]
[Site "Sianozety"]
[Date "2024.04.12"]
[Round "5.10"]
[White "Petrykowski, Pawel"]
[Black "Przygrodzka, Marzanna"]
[Result "0-1"]
[BlackElo "1550"]
[WhiteElo "1480"]
[LiveChessVersion "1.4.4"]

1. e4 {[%clk 1:30:57]} c5 {[%clk 1:30:46]} 2. Nf3 {[%clk 1:31:08]} Nc6
{[%clk 1:31:04]} 3. d4 {[%clk 1:31:07]} cxd4 {[%clk 1:31:24]} 4. Nxd4
{[%clk 1:31:29]} Nf6 {[%clk 1:31:39]} 5. Nc3 {[%clk 1:30:59]} e5 {[%clk 1:31:54]}
6. Ndb5 {[%clk 1:24:20]} d6 {[%clk 1:32:01]} 7. Bg5 {[%clk 1:20:38]} a6
{[%clk 1:32:16]} 8. Na3 {[%clk 1:20:42]} b5 {[%clk 1:32:38]} 9. Nd5
{[%clk 1:17:22]} Be7 {[%clk 1:32:57]} 10. Nxe7 {[%clk 1:16:41]} Nxe7
{[%clk 1:33:16]} 11. Bxf6 {[%clk 1:12:36]} gxf6 {[%clk 1:33:37]} 12. c4
{[%clk 1:09:13]} b4 {[%clk 1:30:23]} 13. Nc2 {[%clk 1:09:17]} a5 {[%clk 1:30:04]}
14. Ne3 {[%clk 1:06:35]} f5 {[%clk 1:29:17]} 15. c5 {[%clk 1:05:07]} dxc5 16.
Qxd8+ {[%clk 1:02:33]} Kxd8 {[%clk 1:20:09]} 17. O-O-O+ Kc7 {[%clk 1:12:31]} 18.
Nd5+ {[%clk 1:00:46]} Nxd5 {[%clk 1:12:46]} 19. Rxd5 {[%clk 1:00:56]} Kc6
{[%clk 1:12:10]} 20. Rxe5 {[%clk 0:59:38]} fxe4 {[%clk 1:10:07]} 21. Rxe4
{[%clk 0:50:38]} Be6 {[%clk 1:03:07]} 22. Be2 {[%clk 0:44:28]} Bxa2
{[%clk 0:55:39]} 23. Bf3 {[%clk 0:42:52]} Bd5 {[%clk 0:46:11]} 24. Rd1
{[%clk 0:38:26]} Bxe4 {[%clk 0:40:38]} 25. Bxe4+ {[%clk 0:38:33]} Kc7
{[%clk 0:40:59]} 26. Bxa8 {[%clk 0:38:36]} Rxa8 {[%clk 0:41:20]} 27. Rd5
{[%clk 0:37:19]} Kc6 {[%clk 0:40:33]} 28. Rh5 {[%clk 0:35:10]} Rg8
{[%clk 0:34:49]} 29. g3 {[%clk 0:33:38]} Rg7 {[%clk 0:35:05]} 30. b3
{[%clk 0:31:40]} f6 {[%clk 0:30:44]} 31. Rh6 {[%clk 0:22:17]} Rf7
{[%clk 0:30:50]} 32. Kc2 {[%clk 0:20:46]} Kb5 {[%clk 0:30:54]} 33. Rh5
{[%clk 0:15:13]} f5 {[%clk 0:31:04]} 34. f3 {[%clk 0:15:30]} a4 {[%clk 0:30:40]}
35. bxa4+ {[%clk 0:15:53]} Kxa4 {[%clk 0:31:03]} 36. g4 {[%clk 0:16:04]} fxg4
{[%clk 0:30:52]} 37. fxg4 {[%clk 0:16:27]} c4 {[%clk 0:30:57]} 38. Rf5
{[%clk 0:14:50]} Re7 {[%clk 0:30:46]} 39. Rf2 {[%clk 0:10:54]} Ka3
{[%clk 0:26:41]} 40. Rf5 {[%clk 0:08:49]} Re2+ {[%clk 0:25:51]} 41. Kd1
{[%clk 0:07:23]} Rxh2 {[%clk 0:26:03]} 42. Rf3+ {[%clk 0:07:22]} c3
{[%clk 0:23:57]} 43. Kc1 {[%clk 0:07:02]} Kb3 {[%clk 0:23:26]} 44. Kd1
{[%clk 0:07:27]} Kb2 0-1

[Event "MPA 1580 2024"]
[Site "Sianozety"]
[Date "2024.04.12"]
[Round "6.1"]
[White "Krzeszowiec, Wojciech"]
[Black "Kopacz, Mikolaj"]
[Result "1/2-1/2"]
[BlackElo "1513"]
[WhiteElo "1580"]
[LiveChessVersion "1.4.4"]

1. d4 {[%clk 1:30:52]} c5 {[%clk 1:30:46]} 2. d5 {[%clk 1:31:18]} e5
{[%clk 1:31:11]} 3. Nc3 {[%clk 1:29:47]} d6 {[%clk 1:31:18]} 4. e4
{[%clk 1:29:54]} a6 {[%clk 1:31:14]} 5. h3 {[%clk 1:28:44]} f5 {[%clk 1:30:43]}
6. Nf3 {[%clk 1:25:25]} Nf6 {[%clk 1:30:48]} 7. Bg5 {[%clk 1:20:26]} Be7
{[%clk 1:30:12]} 8. Bd3 {[%clk 1:13:38]} fxe4 {[%clk 1:29:13]} 9. Bxe4
{[%clk 1:11:47]} O-O {[%clk 1:28:16]} 10. O-O {[%clk 1:09:45]} Kh8
{[%clk 1:26:01]} 11. a4 {[%clk 1:08:17]} Nxe4 {[%clk 1:17:25]} 12. Nxe4
{[%clk 1:01:06]} Bf5 {[%clk 1:14:58]} 13. Bxe7 {[%clk 0:59:29]} Qxe7
{[%clk 1:15:02]} 14. Nfd2 {[%clk 0:54:51]} Nd7 {[%clk 1:14:18]} 15. c4
{[%clk 0:45:15]} Rad8 {[%clk 1:13:28]} 16. Qe2 {[%clk 0:43:32]} Nf6
{[%clk 1:13:15]} 17. Ra3 {[%clk 0:42:02]} g6 {[%clk 1:07:05]} 18. Nxf6
{[%clk 0:38:35]} Qxf6 {[%clk 1:06:15]} 19. g4 {[%clk 0:36:22]} Bc8
{[%clk 1:05:25]} 20. Rf3 {[%clk 0:34:48]} Qg7 {[%clk 1:03:33]} 21. Rxf8+
{[%clk 0:33:48]} Rxf8 {[%clk 1:03:45]} 22. Ne4 {[%clk 0:33:53]} Qe7
{[%clk 1:03:16]} 23. Kg2 {[%clk 0:32:47]} Kg7 {[%clk 1:03:20]} 24. Qe3
{[%clk 0:32:57]} Rf4 {[%clk 1:02:26]} 25. b3 {[%clk 0:31:32]} Bd7
{[%clk 1:01:02]} 26. Kg3 {[%clk 0:29:38]} Qf8 {[%clk 0:55:57]} 27. f3
{[%clk 0:29:02]} Bc8 {[%clk 0:50:03]} 28. Rf2 {[%clk 0:29:19]} Qe7
{[%clk 0:49:42]} 29. a5 {[%clk 0:28:11]} Qc7 {[%clk 0:39:14]} 30. Qc3
{[%clk 0:28:12]} b5 {[%clk 0:37:56]} 31. axb6 {[%clk 0:28:16]} Qxb6
{[%clk 0:37:39]} 32. Ra2 {[%clk 0:24:23]} h5 {[%clk 0:24:59]} 33. Qe3
{[%clk 0:19:10]} hxg4 {[%clk 0:21:49]} 34. hxg4 {[%clk 0:19:20]} Qd8
{[%clk 0:21:52]} 35. Rb2 {[%clk 0:17:56]} a5 {[%clk 0:22:12]} 36. Rh2
{[%clk 0:17:28]} Ba6 {[%clk 0:18:07]} 37. Nxc5 {[%clk 0:15:15]} Bc8
{[%clk 0:16:56]} 38. Nd3 {[%clk 0:14:38]} g5 {[%clk 0:15:07]} 39. Qa7+
{[%clk 0:10:10]} Rf7 {[%clk 0:14:13]} 40. Rh7+ {[%clk 0:10:16]} Kxh7
{[%clk 0:14:38]} 41. Qxf7+ {[%clk 0:10:43]} Kh6 {[%clk 0:14:59]} 42. Qa7
{[%clk 0:10:10]} Bd7 {[%clk 0:11:50]} 43. Nf2 {[%clk 0:09:00]} Be8
{[%clk 0:10:37]} 44. Ne4 {[%clk 0:07:45]} Bg6 {[%clk 0:09:26]} 45. Nf2
{[%clk 0:05:04]} Qf6 {[%clk 0:09:04]} 46. Qxa5 {[%clk 0:03:42]} Qf4+
{[%clk 0:08:55]} 47. Kg2 {[%clk 0:03:47]} e4 {[%clk 0:09:04]} 48. Qc3
{[%clk 0:02:28]} e3 {[%clk 0:06:40]} 49. Nh3 {[%clk 0:02:44]} Qe5
{[%clk 0:04:45]} 50. Qxe5 {[%clk 0:03:05]} dxe5 {[%clk 0:05:08]} 51. Kf1
{[%clk 0:03:25]} Bd3+ {[%clk 0:04:59]} 52. Ke1 {[%clk 0:03:43]} Kg6
{[%clk 0:04:25]} 53. d6 {[%clk 0:03:57]} Kf6 {[%clk 0:04:34]} 54. c5
{[%clk 0:04:23]} Bb5 {[%clk 0:04:39]} 55. Ng1 {[%clk 0:04:24]} Ke6
{[%clk 0:03:26]} 56. Ne2 {[%clk 0:04:39]} Bc6 {[%clk 0:03:49]} 57. Ng1
{[%clk 0:04:20]} Kd5 {[%clk 0:02:59]} 58. Nh3 {[%clk 0:03:59]} Kxc5
{[%clk 0:02:25]} 59. Nxg5 {[%clk 0:04:09]} Kxd6 {[%clk 0:02:48]} 60. Ke2
{[%clk 0:04:20]} Bd5 {[%clk 0:02:33]} 61. b4 {[%clk 0:04:22]} Kc6
{[%clk 0:02:16]} 62. Kxe3 {[%clk 0:04:24]} Kb5 {[%clk 0:02:37]} 63. Ne4
{[%clk 0:04:12]} Kxb4 {[%clk 0:02:32]} 64. Nf2 {[%clk 0:04:01]} Kc5
{[%clk 0:02:10]} 65. Nd3+ {[%clk 0:04:02]} Kd6 {[%clk 0:02:27]} 66. Nb4
{[%clk 0:03:45]} Bf7 {[%clk 0:01:56]} 67. Nd3 {[%clk 0:03:33]} Bg6
{[%clk 0:02:13]} 68. Nf2 {[%clk 0:03:38]} Ke6 {[%clk 0:01:40]} 69. Kd2
{[%clk 0:03:40]} Kf6 {[%clk 0:01:47]} 70. Ke3 {[%clk 0:03:32]} Ke6
{[%clk 0:02:09]} 71. Ne4 {[%clk 0:03:43]} Kf7 {[%clk 0:01:45]} 72. Kd3
{[%clk 0:03:49]} Ke6 {[%clk 0:01:56]} 73. Kc4 {[%clk 0:04:10]} Be8
{[%clk 0:01:31]} 74. Kc5 {[%clk 0:04:15]} Ba4 {[%clk 0:01:23]} 75. Kc4
{[%clk 0:03:12]} Be8 {[%clk 0:01:21]} 76. Nc5+ {[%clk 0:03:12]} Kd6
{[%clk 0:01:24]} 77. Nd3 {[%clk 0:01:57]} Bc6 {[%clk 0:01:06]} 78. Ne1
{[%clk 0:01:46]} Bd7 {[%clk 0:01:14]} 79. Kd3 {[%clk 0:01:57]} Ke6
{[%clk 0:01:37]} 80. Ng2 {[%clk 0:01:54]} Kf6 {[%clk 0:01:41]} 81. Ke3
{[%clk 0:02:02]} Kg5 {[%clk 0:01:27]} 1/2-1/2

[Event "MPA 1580 2024"]
[Site "Sianozety"]
[Date "2024.04.12"]
[Round "6.2"]
[White "Chacinski-Osorio, Fabian"]
[Black "Rosiak, Sebastian"]
[Result "1/2-1/2"]
[BlackElo "1547"]
[WhiteElo "1575"]
[LiveChessVersion "1.4.4"]

1. e4 {[%clk 1:30:58]} e5 {[%clk 1:30:53]} 2. Nc3 {[%clk 1:31:25]} Nc6
{[%clk 1:31:09]} 3. Bc4 {[%clk 1:31:49]} Nf6 {[%clk 1:31:25]} 4. d3
{[%clk 1:32:13]} Na5 {[%clk 1:31:40]} 5. Qf3 {[%clk 1:32:21]} Be7
{[%clk 1:30:06]} 6. Qg3 {[%clk 1:28:37]} Nxc4 {[%clk 1:26:01]} 7. dxc4
{[%clk 1:29:00]} d6 {[%clk 1:22:20]} 8. Nge2 {[%clk 1:28:50]} O-O
{[%clk 1:18:44]} 9. h4 {[%clk 1:20:32]} Ne8 {[%clk 1:10:03]} 10. Nd5
{[%clk 1:19:44]} c6 {[%clk 1:08:50]} 11. Nxe7+ {[%clk 1:19:42]} Qxe7
{[%clk 1:09:04]} 12. Bg5 {[%clk 1:02:43]} f6 {[%clk 1:08:46]} 13. Bd2
{[%clk 1:02:18]} Be6 {[%clk 1:02:33]} 14. b3 {[%clk 0:58:59]} b5 {[%clk 0:55:18]}
15. cxb5 {[%clk 0:58:20]} cxb5 {[%clk 0:55:40]} 16. O-O {[%clk 0:38:08]} Nc7
{[%clk 0:43:57]} 17. Rad1 {[%clk 0:34:55]} d5 {[%clk 0:38:08]} 18. exd5
{[%clk 0:34:32]} Nxd5 {[%clk 0:38:22]} 19. h5 {[%clk 0:23:27]} Qf7
{[%clk 0:20:02]} 20. h6 {[%clk 0:22:36]} Qg6 {[%clk 0:19:09]} 21. hxg7
{[%clk 0:22:27]} Kxg7 {[%clk 0:17:58]} 22. Qxg6+ hxg6 {[%clk 0:17:52]} 23. Ba5
{[%clk 0:15:09]} Rac8 {[%clk 0:13:46]} 24. c3 {[%clk 0:13:10]} Rf7
{[%clk 0:11:34]} 25. Rd2 {[%clk 0:12:30]} Rd7 {[%clk 0:11:05]} 26. Rfd1
{[%clk 0:11:39]} Rc6 {[%clk 0:08:03]} 27. Bb4 {[%clk 0:10:59]} Nb6
{[%clk 0:07:07]} 28. Rxd7+ {[%clk 0:08:09]} Nxd7 {[%clk 0:06:30]} 29. Rd6
{[%clk 0:07:22]} Rxd6 {[%clk 0:06:37]} 30. Bxd6 {[%clk 0:07:47]} Nb6
{[%clk 0:06:16]} 31. Bc5 {[%clk 0:08:09]} Nc8 {[%clk 0:04:22]} 32. Kf1
{[%clk 0:08:11]} Kf7 {[%clk 0:04:41]} 33. Ke1 {[%clk 0:08:17]} a6
{[%clk 0:04:24]} 34. Kd2 {[%clk 0:08:27]} Ne7 {[%clk 0:04:20]} 35. Kd3
{[%clk 0:05:47]} Bf5+ {[%clk 0:04:24]} 36. Kd2 {[%clk 0:05:37]} Be6
{[%clk 0:03:42]} 37. Nc1 {[%clk 0:05:42]} Nd5 {[%clk 0:03:15]} 38. Nd3
{[%clk 0:04:47]} Bf5 {[%clk 0:02:56]} 39. Nb4 {[%clk 0:03:24]} Nxb4
{[%clk 0:03:08]} 40. Bxb4 {[%clk 0:03:50]} Ke6 {[%clk 0:03:21]} 41. c4
{[%clk 0:03:49]} bxc4 {[%clk 0:03:37]} 42. bxc4 {[%clk 0:04:13]} Be4
{[%clk 0:03:26]} 43. f3 {[%clk 0:04:33]} Bc6 {[%clk 0:03:36]} 44. Kd3
{[%clk 0:04:40]} f5 {[%clk 0:03:48]} 45. Ke3 {[%clk 0:04:31]} Bb7
{[%clk 0:03:35]} 46. Bc5 {[%clk 0:03:36]} Bc6 {[%clk 0:03:47]} 47. Bb4
{[%clk 0:03:56]} Bb7 {[%clk 0:04:03]} 1/2-1/2

[Event "MPA 1580 2024"]
[Site "Sianozety"]
[Date "2024.04.12"]
[Round "6.3"]
[White "Lopusiewicz, Marta"]
[Black "Krawczyk, Marcin"]
[Result "1-0"]
[BlackElo "1560"]
[WhiteElo "1540"]
[LiveChessVersion "1.4.4"]

1. d4 {[%clk 1:30:57]} d5 {[%clk 1:30:54]} 2. Nf3 {[%clk 1:31:22]} Nf6
{[%clk 1:31:19]} 3. e3 {[%clk 1:31:34]} e6 {[%clk 1:30:49]} 4. c4
{[%clk 1:31:46]} b6 5. cxd5 {[%clk 1:29:27]} exd5 {[%clk 1:30:39]} 6. Bb5+ Bd7 7.
Bxd7+ {[%clk 1:23:44]} Nbxd7 {[%clk 1:28:03]} 8. Nc3 Bb4 {[%clk 1:26:51]} 9. Qb3
{[%clk 1:20:30]} Qe7 {[%clk 1:23:58]} 10. Bd2 {[%clk 1:18:00]} c6 11. Rc1
{[%clk 1:18:05]} O-O {[%clk 1:21:11]} 12. O-O {[%clk 1:11:00]} Rab8
{[%clk 0:55:48]} 13. Ne5 {[%clk 1:08:41]} Qd6 14. Nb5 {[%clk 1:08:55]} cxb5
{[%clk 0:48:10]} 15. Bxb4 Nc5 {[%clk 0:47:26]} 16. dxc5 {[%clk 1:07:57]} Qxe5
{[%clk 0:46:57]} 17. cxb6 Rxb6 18. f4 {[%clk 0:59:47]} Qh5 {[%clk 0:38:29]} 19.
Bxf8 {[%clk 0:55:35]} Kxf8 20. Qb4+ {[%clk 0:51:31]} Ke8 {[%clk 0:36:43]} 21. Rc7
{[%clk 0:50:00]} Re6 {[%clk 0:36:48]} 22. Qxb5+ Kf8 {[%clk 0:36:42]} 23. Qc5+
{[%clk 0:49:17]} Ke8 24. Rc8+ 1-0

[Event "MPA 1580 2024"]
[Site "Sianozety"]
[Date "2024.04.12"]
[Round "6.4"]
[White "Przygrodzka, Marzanna"]
[Black "Rogala, Adam"]
[Result "1/2-1/2"]
[BlackElo "1530"]
[WhiteElo "1550"]
[LiveChessVersion "1.4.4"]

1. d4 {[%clk 1:30:57]} Nf6 {[%clk 1:30:47]} 2. Bf4 {[%clk 1:31:05]} c5
{[%clk 1:30:37]} 3. c3 {[%clk 1:30:26]} Nd5 {[%clk 1:28:54]} 4. Bg3
{[%clk 1:18:39]} Qb6 {[%clk 1:26:22]} 5. Qb3 {[%clk 1:08:38]} Qxb3
{[%clk 1:24:23]} 6. axb3 {[%clk 1:08:59]} cxd4 {[%clk 1:24:39]} 7. Bxb8
{[%clk 1:05:19]} Rxb8 {[%clk 1:24:45]} 8. Rxa7 {[%clk 1:05:47]} e5
{[%clk 1:24:44]} 9. Nf3 {[%clk 1:05:09]} Bc5 {[%clk 1:20:07]} 10. Ra4
{[%clk 0:58:52]} d6 {[%clk 1:18:03]} 11. cxd4 {[%clk 0:41:40]} exd4
{[%clk 1:14:31]} 12. Nbd2 {[%clk 0:38:47]} Be6 {[%clk 1:11:03]} 13. g3
{[%clk 0:34:25]} b5 {[%clk 1:07:45]} 14. Ra5 {[%clk 0:29:11]} Nb4
{[%clk 1:06:11]} 15. e4 {[%clk 0:21:44]} d3 {[%clk 1:05:22]} 16. Nh4
{[%clk 0:12:37]} Bb6 {[%clk 1:04:26]} 17. Rxb5 {[%clk 0:12:10]} Bxf2+
{[%clk 1:04:46]} 18. Kxf2 {[%clk 0:12:33]} Rxb5 {[%clk 1:05:06]} 19. Ke3
{[%clk 0:12:35]} Ke7 {[%clk 1:00:00]} 20. Bxd3 {[%clk 0:10:49]} Nxd3
{[%clk 1:00:15]} 21. Kxd3 {[%clk 0:11:12]} Rc8 {[%clk 1:00:28]} 22. Ra1
{[%clk 0:08:54]} Bxb3 {[%clk 1:00:09]} 23. Nf5+ {[%clk 0:08:19]} Kf6
{[%clk 0:55:34]} 24. Nd4 {[%clk 0:08:28]} Rcb8 {[%clk 0:52:15]} 25. N2xb3
{[%clk 0:07:36]} Rxb3+ {[%clk 0:52:17]} 26. Nxb3 {[%clk 0:08:01]} Rxb3+
{[%clk 0:52:41]} 27. Kc2 {[%clk 0:08:27]} Re3 {[%clk 0:52:31]} 28. Rf1+
{[%clk 0:08:11]} Ke6 {[%clk 0:52:42]} 29. Kd2 {[%clk 0:06:20]} Rb3
{[%clk 0:51:21]} 30. Kc2 {[%clk 0:06:37]} Rb5 {[%clk 0:51:26]} 31. Rf2
{[%clk 0:06:51]} g6 {[%clk 0:50:40]} 32. Re2 {[%clk 0:07:14]} h5 {[%clk 0:50:00]}
33. Kc3 {[%clk 0:04:37]} Ke5 {[%clk 0:48:28]} 34. Kc4 {[%clk 0:04:58]} Rc5+
{[%clk 0:48:36]} 35. Kd3 {[%clk 0:05:19]} Rb5 {[%clk 0:48:18]} 1/2-1/2

[Event "MPA 1580 2024"]
[Site "Sianozety"]
[Date "2024.04.12"]
[Round "6.6"]
[White "Zemla, Andrzej"]
[Black "Dubel, Daniel"]
[Result "0-1"]
[BlackElo "1511"]
[WhiteElo "1453"]
[LiveChessVersion "1.4.4"]

1. d4 {[%clk 1:30:57]} d5 {[%clk 1:30:56]} 2. c4 {[%clk 1:31:23]} e6
{[%clk 1:31:20]} 3. Nf3 {[%clk 1:31:45]} Nf6 {[%clk 1:31:39]} 4. g3
{[%clk 1:32:10]} Bd6 {[%clk 1:31:24]} 5. Bg2 {[%clk 1:32:27]} h6 {[%clk 1:30:47]}
6. O-O {[%clk 1:32:46]} O-O {[%clk 1:31:11]} 7. Qc2 {[%clk 1:31:38]} b6
{[%clk 1:29:51]} 8. Ne5 {[%clk 1:29:05]} c5 {[%clk 1:25:15]} 9. cxd5
{[%clk 1:25:08]} exd5 {[%clk 1:23:39]} 10. Nc4 {[%clk 1:22:58]} Nc6
{[%clk 1:18:48]} 11. dxc5 {[%clk 1:14:33]} Nd4 {[%clk 1:14:24]} 12. Qd3
{[%clk 1:14:40]} Bxc5 {[%clk 1:11:47]} 13. Ne3 {[%clk 1:14:13]} Re8
{[%clk 1:07:46]} 14. Na3 {[%clk 1:10:43]} a5 {[%clk 1:04:06]} 15. Nac2
{[%clk 1:08:10]} Ba6 {[%clk 1:00:36]} 16. Qd2 {[%clk 1:04:16]} Nxe2+
{[%clk 0:57:58]} 17. Kh1 {[%clk 1:04:27]} d4 {[%clk 0:53:16]} 18. Bxa8
{[%clk 0:50:14]} Qxa8+ {[%clk 0:53:13]} 19. Ng2 {[%clk 0:49:17]} Bb7
{[%clk 0:48:20]} 20. f3 {[%clk 0:43:35]} Bxf3 {[%clk 0:46:30]} 21. Rxf3
{[%clk 0:43:44]} Qxf3 {[%clk 0:46:50]} 22. Qe1 {[%clk 0:40:35]} Nxg3+
{[%clk 0:46:51]} 23. hxg3 {[%clk 0:40:51]} Rxe1+ {[%clk 0:47:03]} 24. Ncxe1
{[%clk 0:40:48]} Qf1+ {[%clk 0:43:30]} 0-1